| 000 | 00362nam a2200133Ia 4500 | ||
|---|---|---|---|
| 005 | 20240408020808.0 | ||
| 008 | 240331s9999 xx 000 0 und d | ||
| 082 |
_bCEY _a331.8 |
||
| 245 | 4 |
_aThe Ceylon Trade Union Movement _cNational Welfare Association |
|
| 260 |
_aColombo : _bNational Welfare Association / |
||
| 300 | _a40 p ., | ||
| 650 | _awomen | ||
| 942 | _cL | ||
| 999 |
_c2737 _d2737 |
||